Making your mark : (Record no. 205)

MARC details
000 -LEADER
fixed length control field 00987nam a2200289 a 4500
005 - DATE AND TIME OF LATEST TRANSACTION
control field 20260322212010.0
008 - FIXED-LENGTH DATA ELEMENTS--GENERAL INFORMATION
fixed length control field data
010 ## - LIBRARY OF CONGRESS CONTROL NUMBER
LC control number 95069805
020 ## - INTERNATIONAL STANDARD BOOK NUMBER
International Standard Book Number 1878542982
020 ## - INTERNATIONAL STANDARD BOOK NUMBER
International Standard Book Number 9781878542984
040 ## - CATALOGING SOURCE
Original cataloging agency DLC
Transcribing agency DLC
050 00 - LIBRARY OF CONGRESS CALL NUMBER
Classification number HF5381
Item number .S577 1995
082 00 - DEWEY DECIMAL CLASSIFICATION NUMBER
Classification number 650.14
Edition information 20
092 ## - LOCALLY ASSIGNED DEWEY CALL NUMBER (OCLC)
Classification number 650.14 S577 1995
001 - CONTROL NUMBER
control field data
100 1# - MAIN ENTRY--PERSONAL NAME
Personal name Shouse, Deborah,
Dates associated with a name 1949-
245 10 - TITLE STATEMENT
Title Making your mark :
Remainder of title how to develop a personal marketing plan for becoming more visible and more appreciated at work /
Statement of responsibility, etc. Deborah Shouse.
260 ## - PUBLICATION, DISTRIBUTION, ETC.
Place of publication, distribution, etc. Mission, KS :
Name of publisher, distributor, etc. Skillpath Publications,
Date of publication, distribution, etc. c1995.
300 ## - PHYSICAL DESCRIPTION
Extent v, 76 p. :
Other physical details ill. ;
Dimensions 22 cm.
504 ## - BIBLIOGRAPHY, ETC. NOTE
Bibliography, etc. note Includes bibliographical references (p. 75-76).
650 #0 - SUBJECT ADDED ENTRY--TOPICAL TERM
Topical term or geographic name entry element Career development.
650 #0 - SUBJECT ADDED ENTRY--TOPICAL TERM
Topical term or geographic name entry element Self-presentation.
906 ## - LOCAL DATA ELEMENT F, LDF (RLIN)
a 7
b cbc
c orignew
d 3
e opcn
f 19
g y-gencatlg
922 ## -
-- co
991 ## -
-- c-GenColl
-- HF5381
-- .S577 1995
-- Copy 1
-- BOOKS
Holdings
Withdrawn status Lost status Damaged status Not for loan Home library Current library Shelving location Date acquired Total checkouts Full call number Barcode Date last seen Price effective from Koha item type
        Franklin Franklin General stacks 22/03/2026   650.14 20 BC0010212 22/03/2026 22/03/2026 Books